000 00755nam a2200253Ia 4500
003 OSt
005 20220928102953.0
006 a|||||r|||| 00| 0
007 ta
008 220927b |||||||| |||| 00| 0 hin d
020 _cINR 400.00
024 _a135331
037 _b83, 10/03/2017, Kiran Book Service
_cTextual
040 _aSDCL
_cSDCL
_bhin
041 _2hin
_ahin
082 _aO152,3M80:g, Q7
100 _aGoyanka Kamal Kishore
_9393410
245 0 _aPremchand
_b Kuchh sansmaran
260 _aNew Delhi
_bSamyik Prakashan
_c2017
300 _a191p.
_ccm.
650 _aHindi
_9391598
942 _hO152,3M80:g, Q7
_cTEXL
_2CC
999 _c717386
_d717386